[Event "DVM U20 2024"]
[Site "Breisach am Rhein GER"]
[Date "2024.12.29"]
[Round "6"]
[White "Liebold, Aaron"]
[Black "Neves, Carlos"]
[Result "1-0"]
[Termination "normal"]
[Board "8.1"]
[WhiteElo "2070"]
[BlackElo "1879"]
[WhiteTeam "ESV Gera"]
[BlackTeam "OSG Baden-Baden"]
[PlyCount "45"]
[WhiteFideId "12997846"]
[BlackFideId "16258320"]
[EventCountry "GER"]
[EventRounds "7"]
[EventType "team-swiss"]
[EventDate "2024.12.26"]

1. e4 e6 2. d4 d5 3. Nd2 dxe4 4. Nxe4 Nd7 5. Bd3 Ngf6 6. Nf3 Nxe4 7. Bxe4 c5 8.
O-O Nf6 9. Bd3 cxd4 10. Nxd4 Bc5 11. Nb3 Bd6 12. Qf3 Qc7 13. h3 h6 14. Be3 O-O
15. Bxh6 b6 16. Bg5 Bb7 17. Qe2 Qc6 18. f4 Nh5 19. Rf2 Ng3 20. Qg4 Ne4 21. Bh6
g6 22. Bxe4 Qxe4 23. Re2 1-0

[Event "DVM U20 2024"]
[Site "Breisach am Rhein GER"]
[Date "2024.12.29"]
[Round "6"]
[White "Uhlmann, Jonas"]
[Black "Helmsdorf, Marius"]
[Result "0-1"]
[Termination "normal"]
[Board "8.2"]
[WhiteElo "1850"]
[BlackElo "1967"]
[WhiteTeam "OSG Baden-Baden"]
[BlackTeam "ESV Gera"]
[PlyCount "34"]
[WhiteFideId "16258576"]
[BlackFideId "16274873"]
[EventCountry "GER"]
[EventRounds "7"]
[EventType "team-swiss"]
[EventDate "2024.12.26"]

1. d4 d5 2. Bf4 Nf6 3. e3 c5 4. Nc3 cxd4 5. exd4 a6 6. Be2 Bf5 7. g4 Bg6 8. h4
h6 9. Qd2 Nc6 10. Nh3 e6 11. a3 Be7 12. h5 Ne4 13. Nxe4 Bxe4 14. Rg1 Qb6 15.
O-O-O Rc8 16. Qe3 Nxd4 17. Rxd4 Rxc2+ 0-1

[Event "DVM U20 2024"]
[Site "Breisach am Rhein GER"]
[Date "2024.12.29"]
[Round "6"]
[White "Bossert, Moritz"]
[Black "Hanmuradov, Ülwi"]
[Result "0-1"]
[Termination "normal"]
[Board "8.4"]
[WhiteElo "1744"]
[BlackElo "1826"]
[WhiteTeam "OSG Baden-Baden"]
[BlackTeam "ESV Gera"]
[PlyCount "32"]
[WhiteFideId "16239946"]
[BlackFideId "34658840"]
[EventCountry "GER"]
[EventRounds "7"]
[EventType "team-swiss"]
[EventDate "2024.12.26"]

1. d4 Nf6 2. Nf3 d5 3. c4 e6 4. g3 Be7 5. Bg2 O-O 6. O-O Nbd7 7. Nbd2 c6 8. b3
b6 9. Re1 Bb7 10. Bb2 Rc8 11. e4 dxe4 12. Nxe4 Nxe4 13. Rxe4 Nf6 14. Re1 c5 15.
Qe2 cxd4 16. Bxd4 Bxf3 0-1

[Event "DVM U20 2024"]
[Site "Breisach am Rhein GER"]
[Date "2024.12.29"]
[Round "6"]
[White "Frank, Marian"]
[Black "Baihaghi, Arash"]
[Result "1/2-1/2"]
[Termination "normal"]
[Board "8.5"]
[WhiteElo "1747"]
[BlackElo "1693"]
[WhiteTeam "ESV Gera"]
[BlackTeam "OSG Baden-Baden"]
[PlyCount "108"]
[WhiteFideId "16245059"]
[BlackFideId "34604979"]
[EventCountry "GER"]
[EventRounds "7"]
[EventType "team-swiss"]
[EventDate "2024.12.26"]

1. e4 e5 2. Nf3 Nc6 3. Bc4 Nf6 4. Nc3 Nxe4 5. Nxe4 d5 6. Bd3 dxe4 7. Bxe4 Bd7
8. O-O Bd6 9. d4 exd4 10. Re1 O-O 11. Qd3 h6 12. Nxd4 Nxd4 13. Qxd4 Bc6 14. Qc4
Re8 15. h3 Qf6 16. c3 Bxe4 17. Rxe4 b5 18. Qe2 Rxe4 19. Qxe4 Rd8 20. Be3 a6 21.
Bd4 Qg5 22. b4 c5 23. Be3 Qh5 24. Kf1 cxb4 25. cxb4 Be5 26. Bb6 Rd6 27. Rc1
Rd1+ 28. Rxd1 Qxd1+ 29. Qe1 Qxe1+ 30. Kxe1 Bc3+ 31. Ke2 Bxb4 32. Kd3 Kf8 33.
Kd4 Ke8 34. f3 Kd7 35. Kd5 f6 36. g4 g5 37. Bd4 Be7 38. Bc3 b4 39. Bd4 a5 40.
Bb6 a4 41. Bd4 b3 42. axb3 axb3 43. Kc4 Ke6 44. Kxb3 Bd6 45. Kc4 Be5 46. Bc5
Bd6 47. Bxd6 Kxd6 48. Kd4 Ke7 49. Kd5 Kf7 50. Kd6 f5 51. Kd5 f4 52. Kc5 Kg7 53.
Kd6 Kg6 54. Ke5 Kg7 1/2-1/2

[Event "DVM U20 2024"]
[Site "Breisach am Rhein GER"]
[Date "2024.12.29"]
[Round "6"]
[White "Baihaghi, Aryana"]
[Black "Schulter, Moritz"]
[Result "1/2-1/2"]
[Termination "normal"]
[Board "8.6"]
[WhiteElo "1736"]
[BlackElo "1762"]
[WhiteTeam "OSG Baden-Baden"]
[BlackTeam "ESV Gera"]
[PlyCount "40"]
[WhiteFideId "34604960"]
[BlackFideId "16245067"]
[EventCountry "GER"]
[EventRounds "7"]
[EventType "team-swiss"]
[EventDate "2024.12.26"]

1. e4 e6 2. d4 d5 3. exd5 exd5 4. Bd3 Bd6 5. Nf3 Nf6 6. O-O O-O 7. h3 h6 8. b3
a5 9. c4 c6 10. Nc3 Re8 11. Re1 Be6 12. Ne5 Nbd7 13. Bf4 Bb4 14. Rc1 c5 15. Bb1
cxd4 16. Qxd4 Nxe5 17. Bxe5 dxc4 18. Qf4 cxb3 19. axb3 Nh5 20. Qf3 Qg5 1/2-1/2

[Event "DVM U20 2024"]
[Site "Breisach am Rhein GER"]
[Date "2024.12.30"]
[Round "7"]
[White "Gallasch, Jonas"]
[Black "Mankel, Luca"]
[Result "1/2-1/2"]
[Termination "normal"]
[Board "1.1"]
[WhiteTitle "FM"]
[WhiteElo "2309"]
[BlackElo "1998"]
[WhiteTeam "SG Porz"]
[BlackTeam "TSG Oberschöneweide"]
[PlyCount "99"]
[WhiteFideId "16222474"]
[BlackFideId "16253876"]
[EventCountry "GER"]
[EventRounds "7"]
[EventType "team-swiss"]
[EventDate "2024.12.26"]

1. Nf3 Nf6 2. g3 b5 3. Bg2 Bb7 4. O-O e6 5. d3 c5 6. Nbd2 d6 7. e4 Qc7 8. Qe2
Nbd7 9. a4 bxa4 10. Rxa4 Be7 11. Ra1 O-O 12. Nc4 a5 13. b3 Ra6 14. Bd2 Rfa8 15.
Rfb1 a4 16. Rxa4 Rxa4 17. bxa4 Rxa4 18. e5 dxe5 19. Nfxe5 Bxg2 20. Kxg2 Ra8 21.
Qf3 Re8 22. Bc3 Nxe5 23. Nxe5 Rb8 24. Ra1 Bd6 25. Nc6 Rc8 26. Bxf6 gxf6 27. Na5
Be5 28. Ra4 f5 29. Nb3 Qe7 30. Rc4 Bd6 31. Na5 Qa7 32. Qb7 Rc7 33. Qxa7 Rxa7
34. Nb3 Rc7 35. Kh3 Kg7 36. f4 Kf6 37. d4 cxd4 38. Rxc7 Bxc7 39. Nxd4 e5 40.
fxe5+ Bxe5 41. Ne2 Kg5 42. Ng1 Bc3 43. Kg2 Kf6 44. Kf3 Ke5 45. Nh3 Bd2 46. Ke2
Bb4 47. Kd3 Bc5 48. Ng5 f4 49. Nxf7+ Kf6 50. gxf4 1/2-1/2

[Event "DVM U20 2024"]
[Site "Breisach am Rhein GER"]
[Date "2024.12.30"]
[Round "7"]
[White "Hommel, Niclas"]
[Black "Gluma, Christian"]
[Result "1-0"]
[Termination "normal"]
[Board "1.2"]
[WhiteElo "2125"]
[BlackElo "2145"]
[WhiteTeam "TSG Oberschöneweide"]
[BlackTeam "SG Porz"]
[PlyCount "99"]
[WhiteFideId "12974927"]
[BlackFideId "16223209"]
[EventCountry "GER"]
[EventRounds "7"]
[EventType "team-swiss"]
[EventDate "2024.12.26"]

1. e4 c6 2. Nf3 d5 3. Nc3 Bg4 4. h3 Bxf3 5. Qxf3 e6 6. g3 Bc5 7. Bg2 Nd7 8. O-O
Ngf6 9. Rd1 d4 10. Ne2 Ne5 11. Qf4 Ng6 12. Qf3 d3 13. Qxd3 Qxd3 14. cxd3 O-O-O
15. b4 Bxb4 16. d4 h5 17. d3 Ne8 18. Be3 Ba5 19. Rdc1 Nc7 20. a4 h4 21. g4 Ne7
22. Rc4 f6 23. Nc1 Na6 24. Nb3 Bc7 25. Rac1 Rd7 26. a5 Kb8 27. Rb1 Ka8 28. f4
g6 29. Nc5 Nxc5 30. Rxc5 Rhd8 31. Kf2 a6 32. Ke2 Bb8 33. Rc4 Nc8 34. e5 f5 35.
Rxc6 Ba7 36. Rxa6 Kb8 37. Rxe6 Ne7 38. a6 b6 39. g5 Rc8 40. Kd2 Rdc7 41. Rb2
Rd8 42. Rxe7 Rxe7 43. d5 b5 44. Rxb5+ Kc8 45. d6 Bxe3+ 46. Kxe3 Ra7 47. Bb7+
Kd7 48. Kd4 Re8 49. Kd5 Rh8 50. e6+ 1-0

[Event "DVM U20 2024"]
[Site "Breisach am Rhein GER"]
[Date "2024.12.30"]
[Round "7"]
[White "Menzel, Maximilian"]
[Black "Mimkes, Pavel"]
[Result "1/2-1/2"]
[Termination "normal"]
[Board "1.3"]
[WhiteElo "2173"]
[BlackElo "1998"]
[WhiteTeam "SG Porz"]
[BlackTeam "TSG Oberschöneweide"]
[PlyCount "96"]
[WhiteFideId "34617280"]
[BlackFideId "12990833"]
[EventCountry "GER"]
[EventRounds "7"]
[EventType "team-swiss"]
[EventDate "2024.12.26"]

1. d4 Nf6 2. Nf3 e6 3. c4 b6 4. g3 Bb7 5. Bg2 Be7 6. O-O O-O 7. Nc3 Ne4 8. Qc2
Nxc3 9. Qxc3 d6 10. Qd3 f5 11. Qe3 Qc8 12. b3 Bf6 13. Bb2 Qe8 14. Rad1 Nd7 15.
Ne1 Bxg2 16. Nxg2 e5 17. dxe5 Nxe5 18. Qd2 Qf7 19. Nf4 Rae8 20. Nd5 Bd8 21. Kg2
c6 22. Nf4 g5 23. Nd3 f4 24. Nxe5 dxe5 25. Qd7 Qg6 26. f3 e4 27. Rd6 exf3+ 28.
exf3 Re2+ 29. Rf2 Rxf2+ 30. Kxf2 Qc2+ 31. Rd2 Qg6 32. g4 Bf6 33. Bxf6 Qxf6 34.
Rd6 Qb2+ 35. Rd2 Qf6 36. c5 bxc5 37. Qxa7 Qe5 38. Re2 Qd4+ 39. Kg2 Rd8 40. Qe7
Qd5 41. Re5 Qd2+ 42. Kh3 h6 43. Qe6+ Kg7 44. Qxc6 Rd7 45. Qxc5 Qd1 46. Re7+
Rxe7 47. Qxe7+ Kg8 48. Qe6+ Kg7 1/2-1/2

[Event "DVM U20 2024"]
[Site "Breisach am Rhein GER"]
[Date "2024.12.30"]
[Round "7"]
[White "Nguyen, Phuc Nhat"]
[Black "Sabirov, Rafael"]
[Result "1/2-1/2"]
[Termination "normal"]
[Board "1.4"]
[WhiteElo "2031"]
[BlackElo "2145"]
[WhiteTeam "TSG Oberschöneweide"]
[BlackTeam "SG Porz"]
[PlyCount "88"]
[WhiteFideId "16253590"]
[BlackFideId "16241185"]
[EventCountry "GER"]
[EventRounds "7"]
[EventType "team-swiss"]
[EventDate "2024.12.26"]

1. e4 c5 2. Nf3 e6 3. d4 cxd4 4. Nxd4 Nc6 5. Nc3 Qc7 6. Be3 a6 7. Qf3 Ne5 8.
Qg3 h5 9. Nf5 f6 10. Nxg7+ Kf7 11. Nxh5 Rxh5 12. f4 Nc4 13. Bxc4 Qxc4 14. f5
Ne7 15. O-O-O exf5 16. Rd4 Qe6 17. Qf3 Rh4 18. g3 Rh8 19. exf5 Nxf5 20. Re4
Nxe3 21. Rxe6 dxe6 22. Ne4 Bg7 23. Ng5+ Kg6 24. Qxe3 Bh6 25. Qd3+ f5 26. g4
Bxg5+ 27. Kb1 Rd8 28. gxf5+ exf5 29. Qg3 f4 30. Qg1 Kf6 31. h4 Bh6 32. Qb6+ Be6
33. Re1 Re8 34. b3 Re7 35. Qd4+ Kf7 36. Qe5 Bg7 37. Qxf4+ Kg8 38. Qg5 Rae8 39.
h5 Kh8 40. Kc1 Bc3 41. Qh6+ Rh7 42. Qg6 Rhe7 43. Qh6+ Rh7 44. Qg6 Rhe7 1/2-1/2

[Event "DVM U20 2024"]
[Site "Breisach am Rhein GER"]
[Date "2024.12.30"]
[Round "7"]
[White "Kruse, Victor"]
[Black "Ho, Ngoc Hai-Dang"]
[Result "1-0"]
[Termination "normal"]
[Board "1.5"]
[WhiteElo "2043"]
[BlackElo "1909"]
[WhiteTeam "SG Porz"]
[BlackTeam "TSG Oberschöneweide"]
[PlyCount "77"]
[WhiteFideId "16256964"]
[BlackFideId "16206509"]
[EventCountry "GER"]
[EventRounds "7"]
[EventType "team-swiss"]
[EventDate "2024.12.26"]

1. Nf3 Nf6 2. b3 e6 3. Bb2 Be7 4. e3 d5 5. g4 Ne4 6. d3 Bf6 7. c3 Nd6 8. d4 Ne4
9. Nbd2 Nxd2 10. Qxd2 Nd7 11. O-O-O c6 12. Bd3 b6 13. h4 Qc7 14. Kb1 Bb7 15.
Rc1 O-O-O 16. Ng5 Nf8 17. f4 h5 18. gxh5 Rxh5 19. Qe2 Rh8 20. c4 dxc4 21. Bxc4
Qe7 22. Ba6 Kb8 23. Qc4 Rc8 24. Qa4 Bxa6 25. Qxa6 Bxg5 26. hxg5 Ng6 27. Rxh8
Nxh8 28. d5 f6 29. gxf6 gxf6 30. dxc6 Rc7 31. Qc4 Nf7 32. b4 Nd6 33. Qd4 f5 34.
a4 b5 35. Qc5 Nc8 36. Qxb5+ Ka8 37. Be5 Nd6 38. Qc5 Ne4 39. Qxe7 1-0

[Event "DVM U20 2024"]
[Site "Breisach am Rhein GER"]
[Date "2024.12.30"]
[Round "7"]
[White "Kilic, Hasan"]
[Black "Kliffken, Julian"]
[Result "1/2-1/2"]
[Termination "normal"]
[Board "1.6"]
[WhiteElo "1741"]
[BlackElo "1767"]
[WhiteTeam "TSG Oberschöneweide"]
[BlackTeam "SG Porz"]
[PlyCount "88"]
[WhiteFideId "34613404"]
[BlackFideId "16298071"]
[EventCountry "GER"]
[EventRounds "7"]
[EventType "team-swiss"]
[EventDate "2024.12.26"]

1. e4 c6 2. d4 d5 3. e5 Bf5 4. h4 h5 5. Bg5 Qb6 6. Bd3 Bxd3 7. Qxd3 Qa6 8. Qb3
e6 9. Nd2 Ne7 10. Ngf3 Nf5 11. c4 Be7 12. Bxe7 Nxe7 13. O-O Nd7 14. Rac1 Qb6
15. Qd3 Nf5 16. Rfe1 O-O 17. g3 g6 18. b3 Rfd8 19. cxd5 cxd5 20. Nf1 Rac8 21.
Ne3 Ne7 22. Ng5 Rc6 23. Rxc6 bxc6 24. g4 hxg4 25. Nxg4 Nf5 26. Rd1 Kg7 27. h5
Rh8 28. hxg6 Kxg6 29. Nf3 Kg7 30. Ne3 Rh5 31. Nxf5+ Rxf5 32. Nh4 Rg5+ 33. Kh2
Qd8 34. Qh3 Rh5 35. Rg1+ Kh6 36. Rg4 Nf8 37. Qe3+ Kh7 38. Kg3 Ng6 39. Nxg6 fxg6
40. Qf4 Qe7 41. Rh4 Kg7 42. b4 Rxh4 43. Qxh4 Qf8 44. Qg5 a6 1/2-1/2

[Event "DVM U20 2024"]
[Site "Breisach am Rhein GER"]
[Date "2024.12.30"]
[Round "7"]
[White "Kamp, Adrian"]
[Black "Bethke, Richard"]
[Result "1/2-1/2"]
[Termination "normal"]
[Board "2.1"]
[BlackTitle "FM"]
[WhiteElo "2152"]
[BlackElo "2371"]
[WhiteTeam "SK Münster 32"]
[BlackTeam "SF Neuberg"]
[PlyCount "133"]
[WhiteFideId "16222466"]
[BlackFideId "12959243"]
[EventCountry "GER"]
[EventRounds "7"]
[EventType "team-swiss"]
[EventDate "2024.12.26"]

1. e4 e5 2. Nf3 Nc6 3. d4 exd4 4. Nxd4 Bc5 5. Nxc6 Qf6 6. Qf3 Qxf3 7. gxf3 bxc6
8. Be3 Bxe3 9. fxe3 Rb8 10. Bc4 Ne7 11. Nc3 O-O 12. O-O-O d6 13. h4 Be6 14.
Bxe6 fxe6 15. f4 c5 16. Rhg1 Kf7 17. h5 a6 18. Rg2 Rg8 19. Rf1 Rbf8 20. Kd2 Ke8
21. Rfg1 g6 22. Rh2 gxh5 23. Rgh1 Rh8 24. Rxh5 Rf7 25. Rh6 Kd7 26. Ne2 Rg7 27.
Kd3 d5 28. b3 Ng8 29. R6h4 Nf6 30. exd5 exd5 31. c4 c6 32. Nc3 h5 33. R4h3 Re8
34. Re1 Rg4 35. Re2 Kd6 36. Nd1 Reg8 37. Nc3 Rg3 38. Rxg3 Rxg3 39. Kd2 h4 40.
e4 dxe4 41. Nxe4+ Nxe4+ 42. Rxe4 h3 43. f5 Rg2+ 44. Kc3 Rxa2 45. Re6+ Kd7 46.
Rh6 h2 47. Kd3 Ke7 48. Kc3 Kf7 49. f6 a5 50. Kd3 Ke6 51. Kc3 Rg2 52. Kd3 Rb2
53. Kc3 Ra2 54. Kd3 Ra3 55. Rxh2 Rxb3+ 56. Kc2 Rb4 57. Kc3 a4 58. Rf2 Rb3+ 59.
Kc2 Rb7 60. Rf3 Kf7 61. Rf5 Rb6 62. Rxc5 Kxf6 63. Ra5 Rb4 64. Kc3 Rb3+ 65. Kc2
Ke6 66. Rxa4 Rh3 67. Ra5 1/2-1/2

[Event "DVM U20 2024"]
[Site "Breisach am Rhein GER"]
[Date "2024.12.30"]
[Round "7"]
[White "Baranyai-Molnar, Adam-Kristof"]
[Black "Weidemann, Jakob"]
[Result "0-1"]
[Termination "normal"]
[Board "2.2"]
[WhiteElo "2250"]
[BlackElo "2221"]
[WhiteTeam "SF Neuberg"]
[BlackTeam "SK Münster 32"]
[PlyCount "100"]
[WhiteFideId "768022"]
[BlackFideId "16255470"]
[EventCountry "GER"]
[EventRounds "7"]
[EventType "team-swiss"]
[EventDate "2024.12.26"]

1. f4 d5 2. Nf3 c5 3. e3 g6 4. d4 cxd4 5. exd4 Bg7 6. c3 Nh6 7. Bd3 O-O 8. O-O
Bf5 9. Na3 Nc6 10. Nc2 Bxd3 11. Qxd3 Nf5 12. Ne3 Nxe3 13. Bxe3 a6 14. f5 Qd7
15. Ng5 e5 16. fxe6 fxe6 17. Bf4 Rf5 18. g4 Rf6 19. Bg3 Raf8 20. Nf3 R6f7 21.
h3 Bh6 22. g5 e5 23. Nxe5 Nxe5 24. dxe5 Rxf1+ 25. Rxf1 Rxf1+ 26. Qxf1 Bxg5 27.
Qd3 Qe6 28. Kg2 Qc6 29. Qd4 Qc4 30. Qxc4 dxc4 31. Kf3 Kf7 32. Ke4 Ke6 33. Kd4
b5 34. b3 cxb3 35. axb3 a5 36. c4 a4 37. bxa4 bxa4 38. Kc3 Be7 39. Bf4 Bc5 40.
Bg3 Kf5 41. Bh2 g5 42. Bg3 h5 43. Bh2 h4 44. Kd3 a3 45. Kc3 Bd4+ 46. Kb3 Bxe5
47. Bg1 g4 48. hxg4+ Kxg4 49. c5 h3 50. c6 Kf3 0-1

[Event "DVM U20 2024"]
[Site "Breisach am Rhein GER"]
[Date "2024.12.30"]
[Round "7"]
[White "Schröder, Lennart"]
[Black "Eull, Emil"]
[Result "1/2-1/2"]
[Termination "normal"]
[Board "2.3"]
[WhiteElo "2127"]
[BlackElo "2145"]
[WhiteTeam "SK Münster 32"]
[BlackTeam "SF Neuberg"]
[PlyCount "113"]
[WhiteFideId "16222490"]
[BlackFideId "16253809"]
[EventCountry "GER"]
[EventRounds "7"]
[EventType "team-swiss"]
[EventDate "2024.12.26"]

1. d4 d5 2. Nf3 Nf6 3. g3 e6 4. Bg2 b5 5. a4 b4 6. c4 bxc3 7. Nxc3 Be7 8. O-O
O-O 9. Bf4 a5 10. Rc1 c6 11. Re1 Na6 12. e4 Nb4 13. exd5 Nfxd5 14. Be3 Ba6 15.
Bf1 Bxf1 16. Rxf1 Nxe3 17. fxe3 c5 18. Nb5 cxd4 19. exd4 Rc8 20. Ne5 Bf6 21.
Qh5 Rxc1 22. Rxc1 Bxe5 23. dxe5 Qd2 24. Rf1 Qe3+ 25. Kg2 g6 26. Qf3 Qxe5 27.
Nc3 Nc2 28. Kh1 Nd4 29. Qb7 Nf5 30. Qb5 Qc7 31. Re1 Rb8 32. Qe5 Qxe5 33. Rxe5
Rxb2 34. Rxa5 Nd4 35. Re5 Rxh2+ 36. Kxh2 Nf3+ 37. Kg2 Nxe5 38. a5 Nc6 39. a6
Na7 40. Kf3 Kf8 41. Ke3 Ke7 42. Kd4 Kd7 43. Kc5 Kc7 44. Ne4 f5 45. Ng5 e5 46.
Nxh7 Nc8 47. Ng5 e4 48. Kd4 Nd6 49. g4 fxg4 50. Nxe4 Nf5+ 51. Ke5 Kb6 52. Kf4
g3 53. Nxg3 Ne7 54. Kg5 Kxa6 55. Kf6 Nf5 56. Nxf5 gxf5 57. Kxf5 1/2-1/2

[Event "DVM U20 2024"]
[Site "Breisach am Rhein GER"]
[Date "2024.12.30"]
[Round "7"]
[White "Nagel, Daniel"]
[Black "Kvantaliani, Saba"]
[Result "1-0"]
[Termination "normal"]
[Board "2.4"]
[WhiteElo "1985"]
[BlackElo "1964"]
[WhiteTeam "SF Neuberg"]
[BlackTeam "SK Münster 32"]
[PlyCount "99"]
[WhiteFideId "34605126"]
[BlackFideId "16284364"]
[EventCountry "GER"]
[EventRounds "7"]
[EventType "team-swiss"]
[EventDate "2024.12.26"]

1. Nf3 Nf6 2. g3 e6 3. d4 Be7 4. Bg2 O-O 5. O-O d5 6. c4 c6 7. Qc2 Nbd7 8. Nbd2
dxc4 9. Nxc4 Nb6 10. Nce5 Nbd5 11. a3 a5 12. e4 Nc7 13. Rd1 Nfe8 14. Nc4 Ra6
15. h4 Nb5 16. Be3 f6 17. Ne1 Nec7 18. Qd2 a4 19. Nc2 Ra7 20. d5 cxd5 21. Bxa7
dxc4 22. Qe2 Qe8 23. Qxc4 Na6 24. Be3 Kh8 25. Qxa4 Bd7 26. Qc4 e5 27. Qd3 Nd6
28. b3 f5 29. exf5 Bxf5 30. Qe2 Qg6 31. Rdc1 Bd3 32. Qd1 Rd8 33. h5 Qf5 34. g4
Bxc2 35. gxf5 Bxd1 36. Rxd1 Rf8 37. Rac1 Rxf5 38. Rxd6 Bxd6 39. Bxb7 Nc7 40. b4
Kg8 41. Rc6 Ne8 42. Bc8 Rf8 43. Be6+ Kh8 44. Bd7 Nf6 45. Rxd6 Rd8 46. b5 Rxd7
47. Rxd7 Nxd7 48. b6 Kg8 49. b7 Kf7 50. Ba7 1-0

[Event "DVM U20 2024"]
[Site "Breisach am Rhein GER"]
[Date "2024.12.30"]
[Round "7"]
[White "Hartwig, Eric-Jordan"]
[Black "Feick, Claas Marten"]
[Result "1/2-1/2"]
[Termination "normal"]
[Board "2.5"]
[WhiteElo "1859"]
[BlackElo "1840"]
[WhiteTeam "SK Münster 32"]
[BlackTeam "SF Neuberg"]
[PlyCount "107"]
[WhiteFideId "16298454"]
[BlackFideId "34634169"]
[EventCountry "GER"]
[EventRounds "7"]
[EventType "team-swiss"]
[EventDate "2024.12.26"]

1. e4 e5 2. Nf3 Nc6 3. Bb5 a6 4. Ba4 Be7 5. c3 b5 6. Bc2 Nf6 7. O-O O-O 8. d4
exd4 9. e5 Ne8 10. cxd4 d5 11. Bxh7+ Kxh7 12. Qc2+ g6 13. Qxc6 Bg4 14. Qc3 Ng7
15. Bf4 Ne6 16. Bg3 Bxf3 17. gxf3 b4 18. Qd3 Bg5 19. Rd1 Bf4 20. Nd2 Ng5 21. h4
Ne6 22. Nb3 Bh6 23. Nc5 Nf4 24. Qf1 Nh5 25. Qh3 Re8 26. Qd7 Qe7 27. Qxe7 Rxe7
28. a3 bxa3 29. Rxa3 Re6 30. Nxe6 fxe6 31. Rdd3 Bf8 32. Rac3 Ra7 33. Rc6 Ng7
34. Bf4 Rb7 35. b3 Nh5 36. Bd2 Bh6 37. Bxh6 Kxh6 38. Rxa6 Nf4 39. Re3 c6 40.
Ra8 Rc7 41. Kh2 c5 42. dxc5 Rxc5 43. Ra4 g5 44. hxg5+ Kxg5 45. Ra2 Rb5 46. Rd2
Rb4 47. Rd1 Kf5 48. Rd2 d4 49. Re4 Rxb3 50. Rdxd4 Rxf3 51. Rxf4+ Rxf4 52. Rxf4+
Kxf4 53. Kg2 Kg4 54. Kf1 1/2-1/2

[Event "DVM U20 2024"]
[Site "Breisach am Rhein GER"]
[Date "2024.12.30"]
[Round "7"]
[White "Pomrehn, Ole Magnus"]
[Black "Gouterney, Anton"]
[Result "1/2-1/2"]
[Termination "normal"]
[Board "2.6"]
[WhiteElo "1735"]
[BlackElo "1906"]
[WhiteTeam "SF Neuberg"]
[BlackTeam "SK Münster 32"]
[PlyCount "92"]
[WhiteFideId "16232704"]
[BlackFideId "34675418"]
[EventCountry "GER"]
[EventRounds "7"]
[EventType "team-swiss"]
[EventDate "2024.12.26"]

1. e4 c5 2. Nf3 e6 3. d3 d5 4. Nbd2 Nc6 5. Be2 Nf6 6. c3 Be7 7. O-O O-O 8. h3
Qc7 9. Nh2 b5 10. Ng4 a5 11. Nxf6+ Bxf6 12. f4 b4 13. e5 Be7 14. Nf3 Ba6 15.
Qe1 Rab8 16. Qg3 f6 17. Qg4 Qd7 18. Rf2 fxe5 19. fxe5 bxc3 20. bxc3 Rf5 21. d4
Bxe2 22. Rxe2 c4 23. Bh6 Bf8 24. Rf1 Kh8 25. Be3 Be7 26. Ref2 Rbf8 27. Bg5 Qb7
28. Qh4 h6 29. Bxe7 Nxe7 30. Qg3 a4 31. Nh4 Rxf2 32. Rxf2 Rxf2 33. Qxf2 Qb1+
34. Kh2 Nf5 35. Nxf5 exf5 36. e6 Qe4 37. e7 Qxe7 38. Qxf5 Qd6+ 39. Kg1 a3 40.
Qc8+ Kh7 41. Qf5+ g6 42. Qf7+ Kh8 43. Kf2 Qb8 44. Qf6+ Kh7 45. Qe7+ Kg8 46.
Qe6+ Kh7 1/2-1/2

[Event "DVM U20 2024"]
[Site "Breisach am Rhein GER"]
[Date "2024.12.30"]
[Round "7"]
[White "Nied, Pascal"]
[Black "Schuricht, Emil Frederick"]
[Result "1/2-1/2"]
[Termination "normal"]
[Board "3.1"]
[WhiteElo "2217"]
[BlackElo "2357"]
[WhiteTeam "SC Untergrombach 46"]
[BlackTeam "Krefelder SK Turm 1851"]
[PlyCount "64"]
[WhiteFideId "16260597"]
[BlackFideId "16270185"]
[EventCountry "GER"]
[EventRounds "7"]
[EventType "team-swiss"]
[EventDate "2024.12.26"]

1. e4 c6 2. d4 d5 3. Nd2 dxe4 4. Nxe4 Nf6 5. Nxf6+ exf6 6. c3 Bd6 7. Bd3 O-O 8.
Qc2 Re8+ 9. Ne2 f5 10. Bxf5 Bxf5 11. Qxf5 Nd7 12. Be3 Nb6 13. Qd3 Nd5 14. O-O
Qe7 15. Rfe1 Nxe3 16. Ng3 Qd7 17. Rxe3 Bf4 18. Re2 Bxg3 19. hxg3 Rxe2 20. Qxe2
Re8 21. Qd2 Qe6 22. b3 Qe2 23. Rd1 h6 24. c4 b6 25. a4 Re6 26. Qxe2 Rxe2 27.
Kf1 Rb2 28. d5 cxd5 29. cxd5 Rc2 30. d6 Rc8 31. Re1 Rd8 32. Re7 a5 1/2-1/2

[Event "DVM U20 2024"]
[Site "Breisach am Rhein GER"]
[Date "2024.12.30"]
[Round "7"]
[White "Panjer, Sidney"]
[Black "Hayen, Andre"]
[Result "1/2-1/2"]
[Termination "normal"]
[Board "3.2"]
[WhiteElo "2193"]
[BlackElo "2045"]
[WhiteTeam "Krefelder SK Turm 1851"]
[BlackTeam "SC Untergrombach 46"]
[PlyCount "75"]
[WhiteFideId "16207041"]
[BlackFideId "16278984"]
[EventCountry "GER"]
[EventRounds "7"]
[EventType "team-swiss"]
[EventDate "2024.12.26"]

1. Nf3 Nf6 2. c4 c6 3. d4 d5 4. cxd5 cxd5 5. Nc3 Nc6 6. Bf4 a6 7. Ne5 Qb6 8.
Nxc6 bxc6 9. a3 Bf5 10. Na4 Qa7 11. e3 e6 12. Be2 Be7 13. Rc1 Rc8 14. Nc5 Bxc5
15. Rxc5 O-O 16. Qa4 Ne4 17. Rxc6 Qb7 18. Rxc8 Rxc8 19. O-O Qxb2 20. Bxa6 Rf8
21. Qb4 Qc2 22. Bd6 Nxd6 23. Qxd6 h5 24. Qc5 Ra8 25. Bb7 Rb8 26. Qxc2 Bxc2 27.
Bc6 Rb6 28. Bd7 Ra6 29. Rd1 Bd3 30. a4 Kf8 31. Rc1 Rb6 32. Bb5 Bxb5 33. Rb1 Ke7
34. Rxb5 Rxb5 35. axb5 Kd6 36. f3 Kc7 37. g4 Kb6 38. gxh5 1/2-1/2

[Event "DVM U20 2024"]
[Site "Breisach am Rhein GER"]
[Date "2024.12.30"]
[Round "7"]
[White "Doll, Rebecca"]
[Black "Nezhyvenko, Mykhaylo"]
[Result "0-1"]
[Termination "normal"]
[Board "3.3"]
[WhiteElo "1987"]
[BlackElo "2080"]
[WhiteTeam "SC Untergrombach 46"]
[BlackTeam "Krefelder SK Turm 1851"]
[PlyCount "104"]
[WhiteFideId "16236890"]
[BlackFideId "34139885"]
[EventCountry "GER"]
[EventRounds "7"]
[EventType "team-swiss"]
[EventDate "2024.12.26"]

1. e4 e6 2. d4 d5 3. Nd2 c5 4. Ngf3 Nc6 5. exd5 Qxd5 6. Bc4 Qd7 7. dxc5 Bxc5 8.
O-O Nf6 9. Qe2 O-O 10. Nb3 Bd6 11. Be3 Qe7 12. Rad1 b6 13. Bg5 Rd8 14. Bh4 Bb7
15. c3 h6 16. Rd2 e5 17. Bxf6 Qxf6 18. Bd5 Rd7 19. Rfd1 Rad8 20. h3 Bb8 21. Be4
Rxd2 22. Rxd2 Rxd2 23. Qxd2 Qe7 24. Qe3 Qd7 25. Qd3 Qe7 26. Qe3 Bc7 27. Nbd2 b5
28. Qd3 a6 29. Nf1 g6 30. g4 Qd8 31. Qxd8+ Nxd8 32. Bxb7 Nxb7 33. Ne3 Nc5 34.
Nd5 Bd6 35. Ne1 Kg7 36. f3 f5 37. Kf2 Kf7 38. b3 Ke6 39. Nb6 Nxb3 40. axb3 Bc5+
41. Ke2 Bxb6 42. Nc2 Bc5 43. b4 Bb6 44. Na3 Kd5 45. Kd3 e4+ 46. fxe4+ fxe4+ 47.
Ke2 g5 48. Kf1 Ba7 49. Kg2 Bb8 50. Kf2 Be5 51. Nb1 Kc4 52. Ke3 Bxc3 0-1